000 00533nmm a2200169Ia 4500
008 251105s9999||||xx |||||||||||||||||und||
020 _a9789871984978
041 _aspa
100 _aRoggero, Jorge (Ed.)
245 0 _aJean-Luc Marion :
_b Límites y posibilidades de la filosofía y de la teología
264 _a[Buenos Aires, Argentina] :
_bEditorial Sb,
_c2021
300 _a237 páginas
490 _aPost-Visión
650 _aPhilosophy, Ethics
856 _uhttps://public.digitaliapublishing.com/a/129929
942 _cCF
999 _c97356
_d97356